Tmeshare Properties (Record no. 3509)
[ view plain ]
| 000 -LEADER | |
|---|---|
| fixed length control field | 00318nam a22001337a 4500 |
| 008 - FIXED-LENGTH DATA ELEMENTS--GENERAL INFORMATION | |
| fixed length control field | 250515b |||||||| |||| 00| 0 eng d |
| 020 ## - INTERNATIONAL STANDARD BOOK NUMBER | |
| ISBN | 0070320829 |
| 100 ## - MAIN ENTRY--AUTHOR | |
| Author | IRWIN, Robert |
| 245 ## - TITLE STATEMENT | |
| Title | Tmeshare Properties |
| 260 ## - PUBLICATION, DISTRIBUTION, ETC. (IMPRINT) | |
| Place of publication | London |
| Name of publisher | McGraw-Hill |
| Date of publication | 1983 |
| 300 ## - COLLATION | |
| Pagination | xi, 203p. |
| 942 ## - ADDED ENTRY ELEMENTS (KOHA) | |
| Item type | Books |
| 050 ## - LIBRARY OF CONGRESS CALL NUMBER | |
| Classification number | HD7287.65 |
| Item number | .I79 |
No items available.